006990000a22002050004500020001800000041000800018082002000026100002300046245012800069250000600197260004100203300001200244001000600256942000700262952011900269999001700388336002700405337003300432338002800465 a0-89042-050-50 aENG04aG 616.89 S7614c1 aSpitzer, Robert L.10aCase book : A learning companion to the diagnostic and statistical manual of mental disorders / Robert L. Spitzer [et. al.] a3 aNew York, USA : American Psychiatric a393 Pag10447 cBK 001040708GENaFUSBCbFUSBCd2005-01-24l0oG 616.89 S7614c p9820r2019-12-12 00:00:00t1w2016-01-26yBKB0C3 c39998d39998 atextobtxt2rdacontent 2rdamediaasin mediaciónbn 2rdacarrieravolumenbnc